Statistics for US States ending in 'A'

Click here to take the quiz!

General Stats

  • This quiz has been taken 95 times
  • The average score is 19 of 21

Answer Stats

State % Correct
Alaska
97%
Alabama
95%
California
94%
Georgia
94%
Florida
93%
South Dakota
93%
North Dakota
93%
South Carolina
92%
North Carolina
92%
Nevada
90%
Arizona
90%
Montana
88%
Oklahoma
86%
Virginia
86%
West Virginia
86%
Nebraska
85%
Louisiana
85%
Indiana
85%
Iowa
83%
Pennsylvania
81%
Minnesota
76%

Score Distribution

Percentile by Number Answered

Percent of People with Each Score

Your Score History

You have not taken this quiz